000 00826na a2200289 4500
001 21812
003 MIRAKIL
005 20190301095123.0
008 170215b tu n0 0 0
035 _a20918
040 _aMilas
_btur
_cTR-AnCHP
041 _atur
082 _aCHP 050
_bALT 1994
090 _aCHP 050 DER 22
222 _aAltıok
245 _aAltıok
_bbağımsız kemalist kültür ve politika dergisi
246 _aAltıok bağımsız kemalist kültür ve politika dergisi
260 _aİstanbul
_c1994
300 _ac.
_bres.
_c34 sm.
310 _aAylık
500 _aYalnız sayı 3 (Ekim'94) mevcuttur.
650 _aSiyasal bilimler
_xSüreli yayınlar
651 _aTürkiye
_xSiyaset ve yönetim
_ySüreli yayınlar
655 _aDergi
910 _aDERGİ 22
942 _2ddc
_cSER
_s1
999 _c11360
_d11360